000 00748nam a22002297a 4500
005 20240530110919.0
008 220221s2008 ua a g b 000 0 ara d
017 _bمصر. دار الكتب
020 _a9772159201
040 _aEG-CaGPL
_cEG-CaGPL
082 0 4 _221
_a415.1 \
_bع ا
100 1 _aعلى ابو المكارم
245 1 0 _aاصول التفكير النحوى /
_cعلى ابو المكارم
250 _aط.1
260 _aالقاهرة :
_bدار غريب للطباعة والنشر والتوزيع،
_c2006
300 _a376 ص؛
_c24 سم
650 0 7 _aاللغة العربية
_2qrmak
650 0 7 _aالنحو
_2qrmak
651 _2qrmak
942 _2ddc
_cBK
999 _c66440
_d66440